00510naa a2200157 a 450000100080000000500110000800800410001910000260006024500720008626000090015852001030016765300110027065300170028170000180029877300360031611267032017-09-25 1998 bl uuuu u00u1 u #d1 aTOMAZELLI J??NIOR, O. aPiscicultura org??nica e qualidade de ??gua.h[electronic resource] c1998 aO texto descreve os trabalhos da Epagri sobre os policultivos de peixes integrados no Oeste de SC. apeixes apiscicultura1 aCASACA, J. M. tSC Oeste, Chapec??, p. 5, 1998.